Etika v oblasti působnosti personální psychologie a pracovního poradenství
Systémové použitie personálnej psychológie. Etika v riadení ľudských zdrojov. Širšie systémové vzťahy. Etika v podnikovej stratégii. Spoločenská zodpovednosť firiem. Mapujúce štúdie, mapujúci výskumný projekt.
Uložené v:
| Hlavný autor: | |
|---|---|
| Médium: | Kapitola |
| Jazyk: | Czech |
| Predmet: | |
| Tagy: |
Žiadne tagy, Buďte prvý, kto otaguje tento záznam!
|
MARC
| LEADER | 00000naa$a2200000$$$4500 | ||
|---|---|---|---|
| 001 | 0004030 | ||
| 005 | 20230426100332.8 | ||
| 041 | 0 | |a cze | |
| 044 | |a CZ | ||
| 245 | 1 | 0 | |a Etika v oblasti působnosti personální psychologie a pracovního poradenství |c aut. Kateřina Mazurová-Scheinerová |
| 520 | |a Systémové použitie personálnej psychológie. Etika v riadení ľudských zdrojov. Širšie systémové vzťahy. Etika v podnikovej stratégii. Spoločenská zodpovednosť firiem. Mapujúce štúdie, mapujúci výskumný projekt. | ||
| 610 | 2 | 0 | |a etika |
| 610 | 2 | 0 | |a psychológia podniková |
| 610 | 2 | 0 | |a personalistika |
| 610 | 2 | 0 | |a poradenstvo |
| 610 | 2 | 0 | |a manažment personálny |
| 610 | 2 | 0 | |a stratégia podniková |
| 610 | 2 | 0 | |a štúdie |
| 100 | 1 | |a Mazurová-Scheinerová, Kateřina | |